[Event "Francophonie-chT Rapid"]
[Site "Tornelo INT"]
[Date "2022.06.05"]
[Round "9.2"]
[White "Shuqja, Klean"]
[Black "Yasser, Mark"]
[Result "0-1"]
[WhiteElo "1845"]
[BlackElo "2179"]
[PlyCount "138"]
[EventDate "2022.06.04"]
[EventType "team-swiss (rapid)"]
[EventRounds "11"]
[EventCountry "FRA"]
[SourceTitle "CBM 208 Extra"]
[Source "ChessBase"]
[SourceDate "2022.07.31"]
[SourceVersion "1"]
[SourceVersionDate "2022.07.31"]
[SourceQuality "1"]
[WhiteTeam "Albania II"]
[BlackTeam "Egypt"]
[WhiteTeamCountry "ALB"]
[BlackTeamCountry "EGY"]

1. e4 c6 2. d4 d5 3. exd5 cxd5 4. Bd3 Nc6 5. c3 Qc7 6. Ne2 Bg4 7. 0-0 e6 8. f3 Bh5 9. Qe1 Bg6 10. Bf4 Bd6 11. Bxd6 Qxd6 12. Qd2 Nf6 13. Na3 0-0 14. Nf4 Rab8 15. Bxg6 hxg6 16. Nd3 Rfc8 17. Rae1 Nd7 18. Rc1 Na5 19. Nb4 Nb6 20. b3 a6 21. Nac2 Rc7 22. Ne1 Rbc8 23. Ned3 Nd7 24. Rc2 Nc6 25. Rfc1 Na7 26. a4 a5 27. Na2 b5 28. axb5 Nxb5 29. Kh1 Rc6 30. Nf4 Qa3 31. Rb1 Qd6 32. Ne2 Qc7 33. Rbc1 Nb6 34. Qd3 Na3 35. Rb2 a4 36. Kg1 axb3 37. Rxb3 Nbc4 38. Nb4 Rb6 39. Ra1 Rcb8 40. Rbxa3 Nxa3 41. Rxa3 Qd7 42. Nc1 Qe7 43. Nb3 Qg5 44. h3 Qg3 45. Ra1 Rc8 46. Nc5 Qc7 47. Qc2 Qd6 48. Qe2 Qg3 49. Ra3 Qd6 50. Ra1 e5 51. Nbd3 exd4 52. cxd4 Qf6 53. Ne5 Qd6 54. Re1 Rb4 55. Qe3 Re8 56. Qd2 Rbb8 57. Ned3 Red8 58. Qc2 Rbc8 59. Qd2 Qf6 60. Ne5 Qf5 61. Qd3 Qf4 62. Rd1 Ra8 63. Nc6 Re8 64. Ne5 Ra2 65. Kh1 Qg3 66. Rg1 Rb8 67. Qf1 Rbb2 68. Ncd3 Rd2 69. Qe1 Qxh3+ 0-1

[Event "Francophonie-chT Rapid"]
[Site "Tornelo INT"]
[Date "2022.06.05"]
[Round "8.2"]
[White "Yasser, Mark"]
[Black "Codreanu, Marius"]
[Result "1/2-1/2"]
[WhiteElo "2179"]
[BlackElo "1791"]
[PlyCount "62"]
[EventDate "2022.06.04"]
[EventType "team-swiss (rapid)"]
[EventRounds "11"]
[EventCountry "FRA"]
[SourceTitle "CBM 208 Extra"]
[Source "ChessBase"]
[SourceDate "2022.07.31"]
[SourceVersion "1"]
[SourceVersionDate "2022.07.31"]
[SourceQuality "1"]
[WhiteTeam "Egypt"]
[BlackTeam "Moldova"]
[WhiteTeamCountry "EGY"]
[BlackTeamCountry "MDA"]

1. d4 Nf6 2. c4 e6 3. Nc3 Bb4 4. a3 Bxc3+ 5. bxc3 c5 6. e3 0-0 7. Bd3 Nc6 8. Ne2 b6 9. e4 e5 10. d5 Na5 11. 0-0 Ba6 12. f4 Bxc4 13. Ng3 d6 14. fxe5 Nd7 15. Bxc4 Nxc4 16. exd6 Nde5 17. Nf5 Nxd6 18. Qh5 Nxf5 19. Qxf5 Ng6 20. Ra2 Qc8 21. Qh5 Re8 22. Re2 Re5 23. Qf3 Qd7 24. c4 Rae8 25. Bb2 R5e7 26. Rfe1 Ne5 27. Bxe5 Rxe5 28. Rf1 f6 29. Rfe1 Qe7 30. g4 g6 31. Kh1 Kg7 1/2-1/2

[Event "Francophonie-chT Rapid"]
[Site "Tornelo INT"]
[Date "2022.06.05"]
[Round "11.2"]
[White "Yasser, Mark"]
[Black "Rabemananjara, Ny Andritiana"]
[Result "0-1"]
[WhiteElo "2179"]
[BlackElo "1582"]
[PlyCount "124"]
[EventDate "2022.06.04"]
[EventType "team-swiss (rapid)"]
[EventRounds "11"]
[EventCountry "FRA"]
[SourceTitle "CBM 208 Extra"]
[Source "ChessBase"]
[SourceDate "2022.07.31"]
[SourceVersion "1"]
[SourceVersionDate "2022.07.31"]
[SourceQuality "1"]
[WhiteTeam "Egypt"]
[BlackTeam "Madagascar"]
[WhiteTeamCountry "EGY"]
[BlackTeamCountry "MAD"]

1. d4 Nf6 2. c4 g6 3. Nc3 Bg7 4. e4 d6 5. Be2 0-0 6. Bg5 Nc6 7. Nf3 Bg4 8. 0-0 Bxf3 9. Bxf3 Nd7 10. d5 Nce5 11. Be2 f6 12. Be3 c5 13. f4 Nf7 14. Bg4 Re8 15. Be6 Nf8 16. Bxf7+ Kxf7 17. f5 Nd7 18. Ne2 Ne5 19. Qc2 Rg8 20. Bf4 gxf5 21. exf5 Qf8 22. Qb3 Rb8 23. Qh3 Ke8 24. Bxe5 fxe5 25. Qxh7 Bf6 26. Ng3 Rg7 27. Qh5+ Kd7 28. Ne4 Qg8 29. g3 Rg4 30. Rae1 Qg7 31. Qh3 b5 32. cxb5 Rxb5 33. Qg2 Rb4 34. h3 Rgxe4 35. Rxe4 Rxe4 36. Qxe4 Qxg3+ 37. Qg2 Qe3+ 38. Kh1 e4 39. Rd1 Bxb2 40. f6 Bxf6 41. Qg4+ Kc7 42. Rb1 Qf3+ 43. Qxf3 exf3 44. Rf1 c4 45. Rxf3 Kb6 46. h4 Kc5 47. h5 c3 48. Rf2 Kd4 49. h6 Bh8 50. Rf8 Be5 51. Rc8 Kd3 52. h7 c2 53. Kg2 Kd2 54. Kf3 c1Q 55. Rxc1 Kxc1 56. Ke4 Kb2 57. Kf5 Kxa2 58. Ke6 Bf6 59. h8Q Bxh8 60. Kxe7 Be5 61. Kd7 a5 62. Kc6 a4 0-1

[Event "Africa-ch U18"]
[Site "Cairo"]
[Date "2017.12.05"]
[Round "4.1"]
[White "Fawzy, Adham"]
[Black "Yasser, Mark"]
[Result "1-0"]
[WhiteElo "2434"]
[BlackElo "2120"]
[PlyCount "120"]
[EventDate "2017.12.03"]
[EventType "swiss"]
[EventRounds "9"]
[EventCountry "EGY"]
[SourceTitle "EXT 2024"]
[Source "ChessBase"]
[SourceDate "2023.10.10"]
[SourceVersion "1"]
[SourceVersionDate "2023.10.10"]
[SourceQuality "1"]

1. e4 c6 2. d4 d5 3. e5 Bf5 4. Nf3 e6 5. Be2 Nd7 6. 0-0 h6 7. a4 Ne7 8. a5 a6 9. b4 Bh7 10. c3 Nc8 11. Be3 Be7 12. Ne1 Na7 13. f4 Qc7 14. Bg4 0-0-0 15. Nd3 h5 16. Bh3 Bf5 17. Bxf5 exf5 18. Nd2 Nf8 19. Qc2 Ne6 20. Nf2 g6 21. Nf3 Nb5 22. Nh1 Kb8 23. Bd2 Rd7 24. Ng3 Qd8 25. Nxf5 gxf5 26. Qxf5 Qg8 27. Qd3 Nec7 28. f5 Rd8 29. Rae1 Qg4 30. h3 Qg3 31. Re2 Rdg8 32. Kh1 Bd8 33. Be3 Na3 34. Bg1 Ka8 35. Rff2 Nc4 36. Bh2 Qg7 37. Bf4 h4 38. Re1 f6 39. Nh2 Ne8 40. Ng4 Qd7 41. Bh2 Rf8 42. Qf3 Bc7 43. Rff1 Nd2 44. Qd3 Nxf1 45. Rxf1 Rh5 46. Ne3 Ng7 47. b5 axb5 48. a6 b6 49. Qe2 Rhh8 50. Qf3 Ne8 51. c4 bxc4 52. Rc1 Rh7 53. e6 Qe7 54. Rxc4 Bxh2 55. Rxc6 Nc7 56. Kxh2 Rd8 57. Qf4 Nxa6 58. Qf1 Kb7 59. Qb5 Nc7 60. Rxb6+ Ka8 1-0

[Event "Alexandria op 22nd"]
[Site "Alexandria"]
[Date "2017.08.06"]
[Round "6"]
[White "Yasser, Mark"]
[Black "Elgabry, Mohsen"]
[Result "0-1"]
[WhiteElo "2145"]
[BlackElo "2279"]
[PlyCount "121"]
[EventDate "2017.08.02"]
[EventType "swiss"]
[EventRounds "10"]
[EventCountry "EGY"]
[SourceTitle "CBM 180 Extra"]
[Source "ChessBase"]
[SourceDate "2017.10.06"]
[SourceVersion "1"]
[SourceVersionDate "2017.10.06"]
[SourceQuality "1"]

1. d4 Nf6 2. c4 e6 3. Nc3 Bb4 4. Qc2 b6 5. a3 Bxc3+ 6. Qxc3 Bb7 7. Bg5 h6 8. Bh4 g5 9. Bg3 Ne4 10. Qc2 d6 11. e3 Nd7 12. Ne2 Qe7 13. f3 Nxg3 14. Nxg3 h5 15. Bd3 h4 16. Ne4 f5 17. Nd2 0-0-0 18. 0-0-0 Kb8 19. e4 fxe4 20. Bxe4 d5 21. cxd5 exd5 22. Bf5 Qg7 23. Qd3 Nf6 24. Rhe1 Nh5 25. Nb1 Nf4 26. Qd2 Qf6 27. Bg4 Ba6 28. Re3 Rhe8 29. Nc3 Qg6 30. Rxe8 Rxe8 31. Qc2 Bd3 32. Qa4 c6 33. g3 Ne2+ 34. Nxe2 Rxe2 35. Rd2 Re1+ 36. Rd1 Qe8 37. Rxe1 Qxe1+ 38. Qd1 Qe3+ 39. Qd2 Qg1+ 40. Qd1 Qxd4 41. Qe1 Qc5+ 42. Qc3 Qe3+ 43. Kd1 d4 44. Qd2 Qg1+ 45. Qe1 Qxe1+ 46. Kxe1 hxg3 47. hxg3 Kc7 48. Kd2 Bg6 49. Bh3 c5 50. Bf1 Kd6 51. Bc4 Be8 52. Bb3 b5 53. Bg8 Bc6 54. f4 gxf4 55. gxf4 c4 56. Bf7 Bd7 57. Bg6 a5 58. Bf7 Be6 59. Be8 b4 60. axb4 axb4 61. Bg6 0-1

[Event "Golden Cleopatra op"]
[Site "Cairo"]
[Date "2016.12.15"]
[Round "3"]
[White "Mirzoev, Azer"]
[Black "Yasser, Mark"]
[Result "1-0"]
[WhiteElo "2527"]
[BlackElo "2103"]
[PlyCount "139"]
[EventDate "2016.12.13"]
[EventType "swiss"]
[EventRounds "10"]
[EventCountry "EGY"]
[SourceTitle "CBM 176 Extra"]
[Source "ChessBase"]
[SourceDate "2017.03.02"]
[SourceVersion "1"]
[SourceVersionDate "2017.03.02"]
[SourceQuality "1"]

1. d4 d5 2. Nf3 Nf6 3. c4 c6 4. Qb3 a6 5. Bf4 dxc4 6. Qxc4 b5 7. Qc2 Bb7 8. Nbd2 Nbd7 9. Nb3 e6 10. Bd2 a5 11. e4 Qb6 12. Rc1 Be7 13. Bd3 a4 14. Nc5 Nxc5 15. dxc5 Qc7 16. 0-0 e5 17. Qc3 Nd7 18. Be3 Qa5 19. Qxa5 Rxa5 20. a3 0-0 21. Rfd1 Bc8 22. Bb1 Re8 23. Ba2 h6 24. Ne1 Ra7 25. Nd3 Bf8 26. Nb4 Rc7 27. f3 Nb8 28. f4 Na6 29. Nxa6 Bxa6 30. fxe5 Bc8 31. Bf4 Rd7 32. Rxd7 Bxd7 33. Kf2 Be6 34. Bxe6 fxe6 35. h4 Be7 36. h5 Rd8 37. Ke2 Kf7 38. Be3 Ke8 39. g3 Rd7 40. g4 Bh4 41. Rg1 Be7 42. g5 hxg5 43. Bxg5 Bxc5 44. Rc1 Bd4 45. Rxc6 Bxb2 46. Rxe6+ Kf7 47. Rb6 Bxe5 48. Rxb5 Bd6 49. Bc1 Rc7 50. Bb2 Ke6 51. Rb6 Kd7 52. Kd3 Rc5 53. Rb7+ Kc6 54. Rxg7 Rxh5 55. Rg6 Kd7 56. Kc4 Rh3 57. e5 Bxa3 58. Bd4 Be7 59. Kd5 Rh7 60. Ra6 a3 61. Ra7+ Kd8 62. Bc5 a2 63. Bxe7+ Rxe7 64. Rxa2 Rb7 65. Ke6 Rb6+ 66. Kf7 Rb7+ 67. Kf6 Rb6+ 68. e6 Rb1 69. e7+ Kd7 70. Rd2+ 1-0

[Event "Arab-ch U18"]
[Site "Djerba"]
[Date "2016.07.25"]
[Round "4.1"]
[White "Yasser, Mark"]
[Black "Ouaret, Abdelouhab"]
[Result "1/2-1/2"]
[WhiteElo "2071"]
[BlackElo "2121"]
[PlyCount "49"]
[EventDate "2016.07.23"]
[EventType "swiss"]
[EventRounds "9"]
[EventCountry "TUN"]
[SourceTitle "EXT 2024"]
[Source "ChessBase"]
[SourceDate "2023.10.10"]
[SourceVersion "1"]
[SourceVersionDate "2023.10.10"]
[SourceQuality "1"]

1. d4 d5 2. c4 c6 3. cxd5 cxd5 4. Bf4 Nf6 5. e3 e6 6. Nc3 Nc6 7. Bd3 a6 8. Rc1 Be7 9. Nf3 0-0 10. 0-0 Ne8 11. a3 Nd6 12. Nd2 Re8 13. b4 Bf6 14. Bxd6 Qxd6 15. f4 g6 16. Na4 Ne7 17. Nf3 a5 18. Nc3 Bd7 19. Ne5 Rec8 20. Qb3 axb4 21. axb4 Be8 22. Ra1 Bg7 23. Rxa8 Rxa8 24. Rc1 f6 25. Nf3 1/2-1/2

[Event "Arab-ch U18"]
[Site "Djerba"]
[Date "2016.07.24"]
[Round "3.3"]
[White "Cherifi, Razik"]
[Black "Yasser, Mark"]
[Result "0-1"]
[WhiteElo "1996"]
[BlackElo "2071"]
[PlyCount "136"]
[EventDate "2016.07.23"]
[EventType "swiss"]
[EventRounds "9"]
[EventCountry "TUN"]
[SourceTitle "EXT 2024"]
[Source "ChessBase"]
[SourceDate "2023.10.10"]
[SourceVersion "1"]
[SourceVersionDate "2023.10.10"]
[SourceQuality "1"]

1. d4 d5 2. Nf3 Nf6 3. Bf4 c5 4. c3 Nc6 5. h3 Qb6 6. Qb3 c4 7. Qc2 Bf5 8. Qc1 e6 9. Nbd2 h6 10. g4 Bh7 11. Bg2 Be7 12. 0-0 Qd8 13. Re1 0-0 14. Ne5 Nxe5 15. dxe5 Nd7 16. Nf3 Qc7 17. h4 Be4 18. h5 Qd8 19. Nd4 Bxg2 20. Kxg2 Nc5 21. f3 a6 22. Rg1 Bg5 23. Bxg5 Qxg5 24. Qxg5 hxg5 25. a4 Nd7 26. Raf1 Nxe5 27. Kh3 Nd7 28. f4 gxf4 29. g5 Rae8 30. g6 fxg6 31. Rxg6 Rf6 32. Rfg1 Rxg6 33. Rxg6 Kf7 34. Nf3 Nf8 35. Ne5+ Ke7 36. Rg4 Kf6 37. Nf3 e5 38. Nh4 Re6 39. Nf3 Rb6 40. h6 gxh6 41. Rh4 Ng6 42. Rxh6 Kg7 43. Rh5 Rxb2 44. Nxe5 Rxe2 45. Nxg6 Kxg6 46. Rxd5 Re3+ 47. Kg4 Kf6 48. Kxf4 Rxc3 49. Rd6+ Ke7 50. Rh6 Kd7 51. Ke4 Kc7 52. Kd4 Ra3 53. Kxc4 Rxa4+ 54. Kb3 Rg4 55. Kc3 a5 56. Kb3 b6 57. Ka3 Kb7 58. Kb3 Ka6 59. Rh5 Rg6 60. Ka4 b5+ 61. Kb3 Rg3+ 62. Ka2 a4 63. Kb2 Ka5 64. Rh4 Rg2+ 65. Kc3 b4+ 66. Kc4 Rc2+ 67. Kd3 Rc3+ 68. Kd4 a3 0-1

[Event "Cairo Egyptian op"]
[Site "Cairo"]
[Date "2015.11.17"]
[Round "3"]
[White "Ameir, Moheb"]
[Black "Yasser, Mark"]
[Result "0-1"]
[WhiteElo "2434"]
[BlackElo "2120"]
[PlyCount "76"]
[EventDate "2015.11.15"]
[EventType "swiss"]
[EventRounds "11"]
[EventCountry "EGY"]
[SourceTitle "CBM 170 Extra"]
[Source "ChessBase"]
[SourceDate "2016.02.25"]
[SourceVersion "1"]
[SourceVersionDate "2016.02.25"]
[SourceQuality "1"]

1. e4 c6 2. d4 d5 3. Nc3 dxe4 4. Nxe4 Bf5 5. Ng3 Bg6 6. h4 h6 7. h5 Bh7 8. Nf3 Nd7 9. Bd3 Bxd3 10. Qxd3 e6 11. Bf4 Qa5+ 12. Bd2 Bb4 13. c3 Be7 14. c4 Qc7 15. 0-0-0 Ngf6 16. Ne4 0-0 17. Rdg1 Ng4 18. Qe2 Rad8 19. Kb1 b5 20. cxb5 cxb5 21. Rc1 Qb7 22. Bf4 Rc8 23. Ne5 Ngf6 24. Nxf6+ Nxf6 25. f3 Nd5 26. Bd2 Bb4 27. g4 Bxd2 28. Qxd2 Rxc1+ 29. Rxc1 Rc8 30. Rh1 b4 31. g5 b3 32. gxh6 bxa2+ 33. Ka1 Nb4 34. Rc1 Rxc1+ 35. Qxc1 gxh6 36. Qxh6 Qd5 37. Qg5+ Kh7 38. Qd2 Qb3 0-1

[Event "Wch U14"]
[Site "Al Ain"]
[Date "2013.12.26"]
[Round "9"]
[White "Ip, Seng Tou"]
[Black "Yasser, Mark"]
[Result "0-1"]
[WhiteElo "1372"]
[BlackElo "1750"]
[PlyCount "74"]
[EventDate "2013.12.18"]
[EventType "swiss"]
[EventRounds "11"]
[EventCountry "UAE"]
[SourceTitle "CBM 158 Extra"]
[Source "ChessBase"]
[SourceDate "2014.02.28"]
[SourceVersion "1"]
[SourceVersionDate "2014.02.28"]
[SourceQuality "1"]

1. Nf3 d5 2. e3 Nf6 3. b3 Bg4 4. Be2 Nbd7 5. Bb2 e6 6. 0-0 Bd6 7. h3 Bh5 8. d3 c6 9. Nbd2 0-0 10. Re1 e5 11. e4 d4 12. a3 Re8 13. Nf1 Nf8 14. g4 Bg6 15. Ng3 Ne6 16. Bc1 h5 17. Ng5 Nf4 18. Nxh5 N6xh5 19. gxh5 Qxg5+ 20. Bg4 Bxh5 21. Bxf4 exf4 22. f3 g6 23. Re2 Bxg4 24. hxg4 Kg7 25. Rg2 Rh8 26. Kf2 Rh3 27. Qd2 Rah8 28. Rag1 Rg3 29. a4 Rhh3 30. Qe2 Qh4 31. Kf1 Rxf3+ 32. Rf2 Re3 33. Qd1 Rhg3 34. Rxg3 fxg3 35. Rg2 Qh1+ 36. Rg1 g2+ 37. Kf2 Bg3# 0-1

[Event "Wch U14"]
[Site "Al Ain"]
[Date "2013.12.23"]
[Round "7"]
[White "Zhao, Juncheng"]
[Black "Yasser, Mark"]
[Result "1-0"]
[WhiteElo "1963"]
[BlackElo "1750"]
[PlyCount "81"]
[EventDate "2013.12.18"]
[EventType "swiss"]
[EventRounds "11"]
[EventCountry "UAE"]
[SourceTitle "CBM 158 Extra"]
[Source "ChessBase"]
[SourceDate "2014.02.28"]
[SourceVersion "1"]
[SourceVersionDate "2014.02.28"]
[SourceQuality "1"]

1. e4 c6 2. c4 d5 3. cxd5 cxd5 4. exd5 Nf6 5. d4 Nxd5 6. Nf3 e6 7. Bd3 Be7 8. 0-0 0-0 9. Nc3 Nc6 10. a3 a6 11. Be3 Bf6 12. Ne4 h6 13. Rc1 Bd7 14. Bb1 Re8 15. Nd6 Nxe3 16. fxe3 Re7 17. Nxb7 Qb6 18. Nc5 Be8 19. Ne4 Qxb2 20. Qd3 Rb7 21. Nxf6+ gxf6 22. Qh7+ Kf8 23. Be4 Rc7 24. Qxh6+ Ke7 25. d5 exd5 26. Bxd5 Rac8 27. Nd4 Nxd4 28. Rxc7+ Rxc7 29. Qxf6+ Kd7 30. exd4 Kc8 31. Qxa6+ Kd8 32. Qf6+ Kc8 33. Be4 Qd2 34. Bf5+ Bd7 35. Qh8+ Kb7 36. Rb1+ Ka6 37. Qa8+ Ra7 38. Qd5 Rc7 39. Qa8+ Ra7 40. Qe4 Bxf5 41. Qc6+ 1-0